000 00672nam a2200253Ia 4500
001 18885
005 20240113235905.0
007 ta
008 060125s1981 g b000 u asm u
020 _cPB
040 _aCotton College,Assam
041 _aasm
082 _a891.416
_bG 451 Sr
100 _aGogoi, Sushil Kr. .
245 0 _aSri Sri Aniruddha Devar Geet /
_cSushil Kr. Gogoi.
_hTextual Documents
250 _a1st ed. /
260 _aChabua (Assam) :
_bDinesh Ch. Gupta ,
_c1981.
300 _a145p. ;
_c22cm.
653 _aAssamese Poetry-Collections
653 _aG-Assamese
942 _2ddc
_cBK
999 _c18867
_d18867